From recession to recovery (Record no. 109014)
[ view plain ]
| 000 -LEADER | |
|---|---|
| fixed length control field | 01556cad a22002415a 4500 |
| 001 - CONTROL NUMBER | |
| control field | L145999 |
| 008 - FIXED-LENGTH DATA ELEMENTS--GENERAL INFORMATION | |
| fixed length control field | 081201s2008 xxkbd f s 000 0 eng d |
| 035 ## - SYSTEM CONTROL NUMBER | |
| System control number | (Sirsi) u145999 |
| 041 0# - LANGUAGE CODE | |
| Language code of text/sound track or separate title | eng |
| 050 04 - LIBRARY OF CONGRESS CALL NUMBER | |
| Classification number | 338.5 $2 22 |
| 110 2# - MAIN ENTRY--CORPORATE NAME | |
| Corporate name or jurisdiction name as entry element | Public and Corporate Economic Consultants |
| 9 (RLIN) | 5657 |
| 245 00 - TITLE STATEMENT | |
| Title | From recession to recovery |
| Remainder of title | the local dimension |
| Medium | [electronic resource] |
| 260 ## - PUBLICATION, DISTRIBUTION, ETC. | |
| Place of publication, distribution, etc. | London |
| Name of publisher, distributor, etc. | Local Government Association |
| Date of publication, distribution, etc. | 2008 |
| 505 2# - FORMATTED CONTENTS NOTE | |
| Formatted contents note | Executive summary -- Introduction -- National picture -- Vulnerability index -- Previous recessions -- At risk index -- Conclusions and recommendations -- Appendix A: 1990-1992 analysis |
| 520 ## - SUMMARY, ETC. | |
| Summary, etc. | Reports on a research on the possible impact of a recession on the England regions. The research was carried out in October and November 2008. Estimates that the London region would be the most affected by a recession and the South-West the least. Cities outside London would be less affected. Shows that due to their recent growth, northern regions would face a recession better. The construction and manufacturing sectors would be hardly hit. Most jobs at risk would be in London and in the South East region. Suggests that devolution of economic decision-making to more local entities is one way of facing recession. |
| 521 ## - TARGET AUDIENCE NOTE | |
| Target audience note | Advanced |
| 590 ## - LOCAL NOTE (RLIN) | |
| Local note | KA |
| 650 24 - SUBJECT ADDED ENTRY--TOPICAL TERM | |
| Topical term or geographic name entry element | CREDIT CRUNCH |
| 651 #4 - SUBJECT ADDED ENTRY--GEOGRAPHIC NAME | |
| Geographic name | England and Wales |
| Chronological subdivision | 1543- |
| 690 ## - LOCAL SUBJECT ADDED ENTRY--TOPICAL TERM (OCLC, RLIN) | |
| Topical term or geographic name as entry element | ECONOMY |
| 856 40 - ELECTRONIC LOCATION AND ACCESS | |
| Uniform Resource Identifier | <a href="https://www.lga.gov.uk/lga/publications/publication-display.do?id=1212613">https://www.lga.gov.uk/lga/publications/publication-display.do?id=1212613</a> |
| Public note | View the item free of charge at www.lga.gov.uk... |
| 942 ## - ADDED ENTRY ELEMENTS (KOHA) | |
| Suppress in OPAC | 0 |
| Withdrawn status | Lost status | Source of classification or shelving scheme | Damaged status | Not for loan | Home library | Current library | Shelving location | Date acquired | Total Checkouts | Full call number | Barcode | Date last seen | Copy number | Price effective from | Koha item type |
|---|---|---|---|---|---|---|---|---|---|---|---|---|---|---|---|
| Dewey Decimal Classification | Virtual | Virtual | Online | 01/12/2008 | ONLINE PUBLICATION | 145999-2001 | 06/08/2019 | 1 | 06/08/2019 | Book |